|
|
|
|
| LEADER |
00000nam0a2200000 4500 |
| 001 |
115770 |
| 005 |
20231031122851.0 |
| 010 |
|
|
|a 9785941200900
|b 3000 экз.
|
| 021 |
|
|
|a RU
|b 07-10799
|9 07-578
|
| 035 |
|
|
|a (RuTPU)RU\TPU\book\125233
|
| 090 |
|
|
|a 115770
|
| 100 |
|
|
|a 20070514d2007 km y0rusy5002 ca
|
| 101 |
0 |
|
|a rus
|
| 102 |
|
|
|a RU
|
| 105 |
|
|
|a a z 001zy
|
| 200 |
1 |
|
|a Микроконтроллеры AVR семейства Mega
|e руководство пользователя
|f А. В. Евстифеев
|
| 210 |
|
|
|a Москва
|c Додэка-XXI
|d 2007
|
| 215 |
|
|
|a 587 с.
|c ил.
|
| 225 |
1 |
|
|a Программируемые системы
|
| 320 |
|
|
|a Предм. указ.: с. 582-587.
|
| 330 |
|
|
|a Книга представляет собой справочное руководство по однокристальным микроконтроллерам AVR семейства Mega фирмы ATMEL. Рассмотрена архитектура микроконтроллеров AVR, ее особенности, приведены основные электрические параметры. Подробно описано внутреннее устройство микроконтроллеров, система команд, периферия, а также способы программирования. Основой данного издания послужила популярная книга «Микроконтроллеры AVR семейств Tiny и Mega», материал которой был существенно переработан и дополнен описаниями новых моделей. Предназначена для разработчиков радиоэлектронной аппаратуры, инженеров, студентов технических вузов.
|
| 451 |
|
1 |
|0 (RuTPU)RU\TPU\book\103228
|y 5-94120-099-4
|t Микроконтроллеры AVR семейств Tiny и Mega фирмы ATMEL
|f А. В. Евстифеев
|e 2-е изд.
|c М.
|n Додэка-XXI
|d 2005
|p 558 с.
|s Мировая электроника
|a Евстифеев, Андрей Викторович
|
| 610 |
1 |
|
|a микроконтроллеры
|
| 610 |
1 |
|
|a семейство Mega
|
| 610 |
1 |
|
|a архитектура
|
| 610 |
1 |
|
|a электрические параметры
|
| 610 |
1 |
|
|a устройство
|
| 610 |
1 |
|
|a программирование
|
| 675 |
|
|
|a 681.325.5-181.48
|v 3
|z rus
|
| 700 |
|
1 |
|a Евстифеев
|b А. В.
|g Андрей Викторович
|4 070
|
| 801 |
|
0 |
|a RU
|b 63413507
|c 20070412
|g PSBO
|
| 801 |
|
1 |
|a RU
|b 63413507
|c 20070514
|g PSBO
|
| 801 |
|
2 |
|a RU
|b 63413507
|c 20100713
|g PSBO
|
| 900 |
|
|
|a Дискретная микропроцессорная техника
|
| 900 |
|
|
|a Аппаратные и программные средства встраиваемых компьютеров и микроконтроллеров
|
| 900 |
|
|
|a Проектирование микропроцессорных средств измерения
|
| 942 |
|
|
|c BK
|